000 00575nam a22001817a 4500
999 _c9386
_d9386
008 210409b ||||| |||| 00| 0 eng d
040 _aBMS College of Architecture
100 _aAmina, Noor
245 _aSafe Environment in public realm
300 _aNA
500 _a1BM12AHD03
502 _8M.Arch (Habitat Design)
_NBMS College of Architecture, Visvesvaraya Technological University
_aDissertation
_d2016
650 _aEnvironment
700 _aMamatha P Raj
_eGuide
700 _aSadashiv Chakravarthy
_eGuide
700 _aRachana Suraj
_eGuide
942 _2ddc
_cPGTHE